000 00490nam a2200169Ia 4500
008 180921t2014 xxu||||| |||| 00| 0 sin d
041 _asin
080 _a8-31
_b(English) WAL
100 _aWallace, Edgar
245 _aනොමිනිසුන් වසන මිටියාවත
246 _aNominisun Wasana Mitiyawatha
260 _bAshirwada Prakashakayo
_aMeerigama
_c2014
300 _a304p, 21cm
942 _cBK
999 _c11412
_d11412
003 LK-CoDNM
040 _aLK-CoDNM
_dLK-CoDNM
_eLK-CoDNM